000 00566nam a2200193Ia 4500
005 20250508164816.0
008 008 250505s9999 xx 000 0 eng d
037 _aTheses
040 _aFEDL
_beng
_cFEDL
041 _aeng
_2eng
084 _a370.954, TYA/TH
_qFEDL
100 _aTyagi Shashi
245 0 _aPrivatization of modern Indian education: Its conceptual and value ramifications
260 _c2007
300 _aiii,279p.
546 _aPh. D. Thesis (Delhi University)
942 _cTH
_h370.954, TYA/TH
999 _c1391317
_d1391317